<?xml version="1.0" encoding="UTF-8"?>
<collection xmlns="http://www.loc.gov/MARC21/slim">
 <record>
  <leader>00775ngm a22002055g 4500</leader>
  <controlfield tag="001">CEM.cems021591</controlfield>
  <controlfield tag="008">130507b1992##################0###0#####d</controlfield>
  <controlfield tag="005">20240829161447.0</controlfield>
  <datafield tag="245" ind1="0" ind2="0">
   <subfield code="a">Energía solar /</subfield>
  </datafield>
  <datafield tag="300" ind1=" " ind2=" ">
   <subfield code="a">15</subfield>
  </datafield>
  <datafield tag="490" ind1="0" ind2=" ">
   <subfield code="a">Espiando por el mundo</subfield>
  </datafield>
  <datafield tag="500" ind1=" " ind2=" ">
   <subfield code="a">En soporte VHS, consultar en ventanilla.</subfield>
  </datafield>
  <datafield tag="538" ind1=" " ind2=" ">
   <subfield code="a">Soporte: VHS - Norma: Pal N - Color - Grabación Drd 1992 - Hitachi=0000</subfield>
  </datafield>
  <datafield tag="520" ind1=" " ind2=" ">
   <subfield code="a">Energía. Escasez de combustibles. Energía solar: obtención. Aplicaciones prácticas. Heliostatos: en qué consisten. Obtención y aplicación en el futuro.</subfield>
  </datafield>
  <datafield tag="082" ind1="6" ind2="2">
   <subfield code=".">3/AVE</subfield>
  </datafield>
  <datafield tag="653" ind1=" " ind2=" ">
   <subfield code="a">NIVEL SECUNDARIO</subfield>
  </datafield>
  <datafield tag="653" ind1=" " ind2=" ">
   <subfield code="a">ENERGIA</subfield>
  </datafield>
  <datafield tag="653" ind1=" " ind2=" ">
   <subfield code="a">ENERGIA SOLAR</subfield>
  </datafield>
  <datafield tag="653" ind1=" " ind2=" ">
   <subfield code="a">HELIOSTATOS</subfield>
  </datafield>
  <datafield tag="859" ind1=" " ind2=" ">
   <subfield code="a">CEMS</subfield>
   <subfield code="b">BIB. CEMS - Depto. Recursos Didacticos</subfield>
   <subfield code="h">622.3</subfield>
   <subfield code="i">AVE</subfield>
   <subfield code="k">DRD</subfield>
   <subfield code="p">234.12</subfield>
   <subfield code="t">Ej.1</subfield>
  </datafield>
 </record>
</collection>
